Quiz o Gwinei Równikowej - Statystyki

Ogólne statystyki
  • Ten quiz został rozwiązany 639 razy
  • Średni wynik to 9 z 15
Statystyki odpowiedzi
Wskazówka Odpowiedź % Poprawnych
Gwinea Równikowa okracza tą linię, ale w rzeczywistości jej nie dotyka Równik
92%
Państwa graniczące Kamerun
91%
Państwa graniczące Gabon
90%
Oficjalne języki francuski
87%
Oficjalne języki hiszpański
81%
Oficjalne języki portugalski
72%
Stolica Malabo
69%
Najważniejszy eksport Gwinei Równikowej Ropa naftowa
64%
Teoretycznie Gwinea Równikowa jest trzecim ____ państwem afrykańskim, wyprzedzając tylko Seszele i Mauritius Najbogatszym
59%
Najbardziej zaludnione miasto (wskazówka: dzieli swoją nazwę z czeską firmą obuwniczą) Bata
37%
Wyspa, na której leży powyższe Bioko
37%
Planowana przyszła stolica Ciudad de la Paz
29%
Ma jednak również najwyższy na świecie wskaźnik ______ dochodu, mierzony współczynnikiem GINI Nierówności
29%
Największa grupa etniczna (wskazówka: zaczyna się na F) Fangowie
28%
Nazwa kontynentalnej części Gwinei Równikowej Mbini
28%
Nie znaleziono quizów pasujących do podanych kryteriów
Rozkład punktacji
Procent ludzi z każdym wynikiem
Percentyl według liczby udzielonych odpowiedzi
Twoja historia wyników
Nie rozwiązałeś tego quizu